00398nam a2200121 a 450000500170000000800410001705000250005810000180008324500580010126000450015944000450020465000270024920140414132059.0100524s19uu xx 00 eng d aREF 004.03bC64 1993 aCohn, Zachary aThe illustrated dictionary of information technology. aWiltshire, UK :bMerlion pub ltd,c1993. aThe illustrated dictionaries of science. aInformation technology